| 000 | 00881cam a2200289 a 4500 | ||
|---|---|---|---|
| 001 | 5801907 | ||
| 003 | ARRUPE | ||
| 005 | 20141112140409.0 | ||
| 008 | 060809r20062004enk b 001 0 eng d | ||
| 020 | _a0334040612 | ||
| 020 | _a9780334040613 | ||
| 035 | _a(OCoLC)ocm70909702 | ||
| 035 | _a(OCoLC)70909702 | ||
| 035 | _a(NNC)5801907 | ||
| 040 |
_aEQO _cEQO _dBWE _dNNC |
||
| 050 | 1 |
_aBT83.57 _b.P465 2006 |
|
| 100 | 1 |
_aPetrella, Ivan, _d1969- _912606 |
|
| 245 | 1 | 4 |
_aThe future of liberation theology : _ban argument and manifesto / _cIvan Petrella. |
| 260 |
_aLondon : _bSCM Press, _c2006. |
||
| 300 |
_aix, 177 p. ; _c24 cm. |
||
| 500 | _aOriginally published: Aldershot, 2004. | ||
| 504 | _aIncludes bibliographical references and index. | ||
| 650 | 0 |
_aLiberation theology. _912607 |
|
| 942 |
_2lcc _cMONOGRAPH |
||
| 948 | 1 |
_a20070327 _bc _cas2107 _dMPS |
|
| 999 |
_c121237 _d121237 |
||